European union law / (Record no. 26966)
[ view plain ]
| 000 -LEADER | |
|---|---|
| fixed length control field | 02931cam a22003135a 4500 |
| 001 - CONTROL NUMBER | |
| control field | 19586587 |
| 005 - DATE AND TIME OF LATEST TRANSACTION | |
| control field | 20181112110404.0 |
| 008 - FIXED-LENGTH DATA ELEMENTS--GENERAL INFORMATION | |
| fixed length control field | 170406s2017 enka frb 001 0 eng d |
| 010 ## - LIBRARY OF CONGRESS CONTROL NUMBER | |
| LC control number | 2017939056 |
| 020 ## - INTERNATIONAL STANDARD BOOK NUMBER | |
| International Standard Book Number | 9780198789130 (pbk.) |
| 040 ## - CATALOGING SOURCE | |
| Original cataloging agency | DLC |
| Language of cataloging | eng |
| Transcribing agency | DLC |
| Modifying agency | EG-ScBUE |
| 043 ## - GEOGRAPHIC AREA CODE | |
| Geographic area code | e------ |
| 082 04 - DEWEY DECIMAL CLASSIFICATION NUMBER | |
| Classification number | 341.2422 |
| Item number | EUR |
| Edition number | 22 |
| 245 00 - TITLE STATEMENT | |
| Title | European union law / |
| Statement of responsibility, etc | edited by Catherine Barnard, Steve Peers |
| 250 ## - EDITION STATEMENT | |
| Edition statement | 2nd ed. |
| 260 ## - PUBLICATION, DISTRIBUTION, ETC. (IMPRINT) | |
| Place of publication, distribution, etc | Oxford ; |
| -- | New York : |
| Name of publisher, distributor, etc | Oxford University Press, |
| Date of publication, distribution, etc | 2017. |
| 300 ## - PHYSICAL DESCRIPTION | |
| Extent | cxvi, 853 p. : |
| Other physical details | ill. ; |
| Dimensions | 24 cm. |
| 504 ## - BIBLIOGRAPHY, ETC. NOTE | |
| Bibliography, etc | Includes bibliographical references and index. |
| 505 0# - FORMATTED CONTENTS NOTE | |
| Formatted contents note | Introduction / Catherine Barnard and Steve Peers --<br/>Development of the EU / Paul Craig --<br/>The EU's political institutions / Steve Peers --<br/>Constitutionalism and the European Union / Robert Schütze --<br/>Legislating in the European Union / Kieran St. C. Bradley --<br/>The effects of EU law in the national legal systems / Michal Bobek --<br/>EU law : is it international law? / Bruno de Witte --<br/>General principles of EU law and EU administrative law / Herwig C.H. Hofman --<br/>Fundamental rights in the European Union / Eleanor Spaventa --<br/>Judicial protection before the Court of Justice of the European Union / Albertina Albors-Llorens --<br/>The internal market and the philosophies of market integration / Jukka Snell --<br/>Free movement of goods / Peter Oliver and Martín Navarro --<br/>Free movement of natural persons and citizenship of the Union / Catherine Barnard --<br/>Free movement of legal persons and the provisions of services / Catherine Barnard with Jukka Snell --<br/>Free movement of capital / Leo Flynn --<br/>Exceptions to the free movement rules / Niamh Nic Shuibhne --<br/>Competition law / Alison Jones and Christopher Townley --<br/>Public services and EU law / Leigh Hancher and Wolf Sauter --<br/>Economic and monetary union / Alicia Hinarejos --<br/>Labour and equality law / Mia Rönnmar --<br/>EU health law / Tamara K. Hervey --<br/>Environmental law / Elisa Morgera --<br/>European consumer law / Geraint Howells --<br/>EU external action / Geert De Baere --<br/>EU criminal law / John R. Spencer --<br/>Immigration and asylum / Steve Peers --<br/>Brexit : the legal dimension / Steve Peers and Darren Harvey. |
| 520 ## - SUMMARY, ETC. | |
| Summary, etc | "[This book] draws together a range of perspectives from experienced academics, teachers and practitioners to provide a comprehensive introduction to EU law. Each chapter has been written and updated by an expert in the field to provide students with access to a broad range of ideas while offering a solid foundation in the institutional and substantive law of the EU." |
| 650 #7 - SUBJECT ADDED ENTRY--TOPICAL TERM | |
| Topical term or geographic name as entry element | Law |
| Geographic subdivision | European Union countries |
| Source of heading or term | BUEsh |
| 651 ## - SUBJECT ADDED ENTRY--GEOGRAPHIC NAME | |
| Source of heading or term | BUEsh |
| 653 ## - INDEX TERM--UNCONTROLLED | |
| Resource For college | Law |
| Arrived date list | November2018 |
| 655 ## - INDEX TERM--GENRE/FORM | |
| Form subdivision | Text book |
| 700 1# - ADDED ENTRY--PERSONAL NAME | |
| Personal name | Barnard, Catherine, |
| Relator term | editor. |
| 700 1# - ADDED ENTRY--PERSONAL NAME | |
| Personal name | Peers, Steve, |
| Relator term | editor. |
| 856 40 - ELECTRONIC LOCATION AND ACCESS | |
| Materials specified | Online resource centre |
| Uniform Resource Identifier | <a href="www.oxfordtextbooks.co.uk/orc/barnard_peers2e/">www.oxfordtextbooks.co.uk/orc/barnard_peers2e/</a> |
| 942 ## - ADDED ENTRY ELEMENTS (KOHA) | |
| Source of classification or shelving scheme | Dewey Decimal Classification |
| Withdrawn status | Item status | Source of classification or shelving scheme | Damaged status | Not for loan | Vendor | Home library | Current library | Shelving location | Date acquired | Source of acquisition | Cost, normal purchase price | Total Checkouts | Full call number | Barcode | Date last seen | Date last borrowed | Koha item type | Total Renewals |
|---|---|---|---|---|---|---|---|---|---|---|---|---|---|---|---|---|---|---|
| Dewey Decimal Classification | Baccah | Central Library | Central Library | First floor | 12/11/2018 | Purchase | 650.00 | 1 | 341.2422 EUR | 000043839 | 24/11/2025 | 09/11/2022 | NB - Book (Non borrowing) | |||||
| Dewey Decimal Classification | Baccah | Central Library | Central Library | First floor | 12/11/2018 | Purchase | 650.00 | 8 | 341.2422 EUR | 000043840 | 24/11/2025 | 17/10/2024 | Book - Borrowing | 39 | ||||
| Dewey Decimal Classification | Baccah | Central Library | Central Library | First floor | 12/11/2018 | Purchase | 650.00 | 15 | 341.2422 EUR | 000043841 | 26/11/2025 | 22/11/2025 | Book - Borrowing | 12 | ||||
| Dewey Decimal Classification | Baccah | Central Library | Central Library | First floor | 12/11/2018 | Purchase | 650.00 | 9 | 341.2422 EUR | 000043842 | 15/07/2025 | 29/10/2024 | Book - Borrowing | 28 | ||||
| Dewey Decimal Classification | Baccah | Central Library | Central Library | First floor | 12/11/2018 | Purchase | 650.00 | 9 | 341.2422 EUR | 000043843 | 15/04/2026 | 01/04/2026 | Book - Borrowing | 26 |